000 00631nam a2200205Ia 4500
005 20221128114351.0
008 131103s9999 xx 000 0 und d
020 _cRs.50
040 _aLoreto College
041 _aEnglish
082 _a954.14
_bRAH
100 _aRahman,Hossainur
245 _aHindu - Muslim Relations in Bengal 1905 - 1947
_b study in cultural confrontation
_cHossainur Rahman
260 _aBombay
_bNachiketa Publications Limited.
_c1974
300 _ax,238 p.
504 _aIncludes index,bibliography and appendices
650 _aHindu - Muslim Relations In Bengal
850 _aLCLIB
942 _cBK
999 _c10179
_d60658